00423nam a2200169 a 45000010005000000030009000050080041000140400028000550820017000831000019001002450038001192500007001572600032001643000014001964900025002106500018002354908CO-ViMGA141112s2004 ck r 000 u spa d aCO-ViMGAbspacCO-ViMGA04a891.73 T657i1 aIván, León10aIván "El tonto" y otros relatos a2a aBarcelona : bLabor, c1996 a93 p : il aBolsillo juvenil, 7714aCUENTOS RUSOS